000 01020nam0a22002531 4500
001 rc\168670
005 20250620215237.0
035 _a(NLR Aleph) 005431932
090 _a7586609
_c7586609
100 _a20030307d1997 |||y0rusy50 ca
101 0 _arus
_aeng
102 _aRU
105 _aa |||||||||
200 1 _aМолодая Россия
_dYoung Russia
_e[Кат. выст.], 14-28 июня 1997
_f[Сост. А. Глезер, Р. Табакман
_gАвт. вступ. ст. А. Глезер]
210 _aМ.
_cТретья волна
_d1997
215 _a17 с.
_cил.
_d29
300 _aВ надзаг.: Гос. лит. музей (Москва), Центр соврем. рус. культуры, Музей Табакмана "Соврем. рус. искусство" (Нью-Йорк)
300 _aТекст парал. на рус. и англ. яз.
510 0 _aYoung Russia
801 0 _aRU
_bNLR
_gpsbo
801 1 _aRU
_bELAR
_2rusmarc
852 _aNLR
_bЭ
_jКМ821/1997
942 _cBOOK
980 _aNB